000 00240nam a2200097Ia 4500
001 690761
005 20250826161822.0
008 250824s9999 xx 000 0 und d
245 0 _aCEHELET TUTKUSU
_cRENATA SALECL
260 _bTİMAŞ YAYINLARI
999 _c690761
_d690761